000 00712nam a2200289Ia 4500
005 20260324134043.0
008 008 260324s9999 xx 000 0 eng d
020 _a9780203165362
037 _aEBOOK
040 _aCRL
040 _beng
040 _cCRL
041 _2eng
041 _aeng
084 _qCRL
100 _aMaria Isabel Studer Noguez
_91195397
245 0 _aFord and the Global Strategies of Multinationals
245 4 _bThe North American Auto Industry
260 _bTaylor and Francis
260 _c2002
365 _a
365 _b230
856 _uhttp://www.taylorfrancis.com/books/9780203165362
942 _cEBOOK
999 _c1795060
_d1795060